000
00353 a2200169 4500
001
174496
020
_a
85-08-03622-1
040
_c
Magnum
100
_a
Junqueira, Sonia
240
1
0
_a
O menino e o muro
_l
por
245
1
0
_a
O menino e o muro
300
_a
24
362
0
_a
1994
440
1
_a
Ática
697
_a
LITERATURA INFANTIL
942
_c
BK
999
_c
174496
_d
174496